| 000 | 02986nam a22003617a 4500 | ||
|---|---|---|---|
| 001 | 104256 | ||
| 003 | KnowledgeUnlatched | ||
| 005 | 20210303104936.0 | ||
| 006 | m o d | ||
| 007 | cr u|||||||||| | ||
| 008 | 210129p20202020xx o u00| u eng d | ||
| 037 | _5BiblioBoard | ||
| 245 | 0 | 4 |
_aThe United States in the Indo-Pacific _bObama's Legacy and the Trump Transition / _cOliver Turner, Inderjeet Parmar. |
| 020 | _a9781526135025 | ||
| 029 | 1 | _ahttps://library.biblioboard.com/ext/api/media/e3532c02-edac-4eef-bf4a-96c8ac22909f/assets/thumbnail.jpg | |
| 040 |
_aScCtBLL _cScCtBLL |
||
| 506 | 0 |
_aAccess copy available to the general public. _fUnrestricted _2star |
|
| 700 | 1 |
_aTurner, Oliver _eeditor. |
|
| 700 | 1 |
_aParmar, Inderjeet _eeditor. |
|
| 264 | 1 | _bManchester University Press, | |
| 300 | _a1 online resource (1 p.) | ||
| 520 | _aThis edited collection examines the political, economic and security legacies of former US President Barack Obama in Asia and the Pacific, following two terms in office between 2009 and 2017. In a region that has only become more vivid in the American political imagination since Obama left office, this volume interrogates the endurance of Obama's legacies in what is increasingly reimagined in Washington as the Indo-Pacific. Advancing our understanding of Obama's style, influence and impact throughout the region, this volume explores dimensions of US relations and interactions with key Indo-Pacific states including China, India, Japan, North Korea and Australia; multilateral institutions and organisations such the East Asia Summit and ASEAN; and salient issue areas such as regional security, politics and diplomacy, and the economy. How far has the Trump administration progressed in challenging or disrupting Obama's Pivot to Asia? What differences can we discern in the declared or effective US strategy towards Asia and to what extent has it radically shifted or displaced Obama-era legacies? Including contributions from high-profile scholars and policy practitioners such as Michael Mastanduno, Bruce Cumings, Maryanne Kelton, Robert Sutter and Sumit Ganguly, contributors examine these questions at the halfway point of the 2017-21 Presidency of Donald Trump, as his administration opens a new and potentially divergent chapter of American internationalism. | ||
| 588 | 0 | _aDescription based on print version record. | |
| 590 | _aKU Select 2019: HSS Frontlist Books | ||
| 650 | 7 |
_aPolitical Science / International Relations _2bisacsh |
|
| 650 | 0 | _aPolitical science | |
| 655 | 0 | _aElectronic books. | |
| 758 |
_iIs found in: _aKnowledge Unlatched _1https://openresearchlibrary.org/module/2774bc74-146a-484f-a7ba-ab1d6a09bbfb |
||
| 856 | 4 | 0 |
_uhttps://openresearchlibrary.org/content/e3532c02-edac-4eef-bf4a-96c8ac22909f _zView this content on Open Research Library. _70 |
| 999 |
_c33039 _d33039 |
||